01861cam a22004574i 4500003000900000005001700009008004100026020001500067035002700082040003300109049000900142082002000151100002400171245006600195264004700261300006200308336002100370337002500391338002300416505026000439526001000699526001000709526001000719526001000729526000800739526000800747526000800755526000800763526000800771526000800779526000800787650003300795650003100828942001400859949013000873994001401003596000601017999015601023980005501179952016901234PE-LiUPU20250731173141.0150623s r 000 0 d a0784710996 a(Sirsi) i9780784710999 aPE-LiUPUbspacPE-LiUPUerda aPRUA04a241.66bB942211 aBurgen Jim,eautor.10aWhat's the big deal? abou sex loving God's way /cJim Burgen. 1aUnited States of America :bBurgen,c1999. a157 páginas :bilustraciones, fotos ;c21 centímetros atext2rdacontent aunmediated2rdamedia avolume2rdacarrier0 aGetting Started. Equal..but different. Safe sex?. "I love you". Agapé love. Divorce-proof marriage. Choices of the heart. What about hosexuality?. What about masturbation?. What about interracial dating?. What if I've already messed up?. Final thoughts. aSEG42 aSEG41 aSEG40 aSEG39 aP94 aP87 aP86 aP85 aP77 aP76 aP3504aEtica Sexual para Jóvenes.04aSexoxAspectos Religiosos. 2ddccBOOK a241.66 B94wDEWEYc1i52762lCCODEBUL1mBULp11.00r0sYtBOOKu2015-6-24xTEOLOGIAPP350COMPRAo.STAFF. Colección General aC0bPEPRU a1 a241.66 B94wDEWEYc34630i52762f2021-11-11g5lCCODEBUL1mBULp11.00r0sYtBOOKu2015-6-24xTEOLOGIAPP350COMPRAo.STAFF. Colección Generald34630 81gALBERTO SANCHEZ Responsable de Automatización r2025-12-03 00:00:00i6l0o241.66 B94p52762te1v16.00w2015-06-24xFTyBKzinventario-2023-12-13102ddc50708GENfP35aBULbBULcGENd2015-06-24eCOMPRAg11.00